Central Library OPAC University of Rajshahi

Public policy analysis and design / (Record no. 59007)

MARC details
000 -LEADER
fixed length control field 00859nam a2200253 a 4500
001 - CONTROL NUMBER
control field 59007
003 - CONTROL NUMBER IDENTIFIER
rucl marc code BD-RjUL
005 - DATE AND TIME OF LATEST TRANSACTION
control field 20211209080702.0
008 - FIXED-LENGTH DATA ELEMENTS--GENERAL INFORMATION
fixed length control field 161220s1995 ii a b 101 0 eng
020 ## - INTERNATIONAL STANDARD BOOK NUMBER
International Standard Book Number 8170225612
035 ## - SYSTEM CONTROL NUMBER
System control number (BD-RjUL)59131
040 ## - CATALOGING SOURCE
Transcribing agency BD-RjUL
Modifying agency BD-RjUL
Language of cataloging eng
Original cataloging agency BD-RjUL
041 ## - LANGUAGE CODE
Language code of text/sound track or separate title eng
082 ## - DEWEY DECIMAL CLASSIFICATION NUMBER
Edition number 23
Classification number 320.60954
Author mark and year PUB 1995
245 00 - TITLE STATEMENT
Title Public policy analysis and design /
Statement of responsibility, etc. edited by Vivek K. Agnihotri ; foreword by A.M. Khusro.
260 ## - PUBLICATION, DISTRIBUTION, ETC. (IMPRINT)
Place of publication, distribution, etc. New Delhi :
Name of publisher, distributor, etc. Concept Pub. Co.,
Date of publication, distribution, etc. 1995.
300 ## - PHYSICAL DESCRIPTION
Pagination 482 p. :
Illustrations ill. ;
Size 23 cm.
504 ## - BIBLIOGRAPHY, ETC. NOTE
Bibliography, etc Includes bibliographical references and index.
650 #0 - SUBJECT ADDED ENTRY--TOPICAL TERM
Topical term or geographic name as entry element Public policy
Geographic subdivision India
9 (RLIN) 175487
Topical term or geographic name as entry element Rural poor
General subdivision Government policy
Geographic subdivision India
Form subdivision Congresses.
9 (RLIN) 175488
651 #0 - SUBJECT ADDED ENTRY--GEOGRAPHIC NAME
Geographic name India
General subdivision Politics and government
Form subdivision Congresses.
9 (RLIN) 175489
700 1# - ADDED ENTRY--PERSONAL NAME
Personal name Agnihotri, V. K.
942 ## - ADDED ENTRY ELEMENTS (KOHA)
Source of classification or shelving scheme Dewey Decimal Classification
Koha item type Books
Holdings
Lost status Source of classification or shelving scheme Damaged status Not for loan Collection code Permanent Location Current Location Shelving location Date acquired Source of acquisition Cost, normal purchase price Total Checkouts Full call number Date last seen Copy number Koha item type
  Dewey Decimal Classification   Not For Loan Non-fiction Central Library, University of Rajshahi Central Library, University of Rajshahi Reading Room 14/08/1997 Dhaka, Paragon Enterprises Ltd. 700.00   320.60954 PUB 1995 20/12/2016 C-1 Books